000 00545nam a2200181Ia 4500
008 100920s9999 xx 000 0 und d
082 _b29710
_a491.462 थ 75
100 _aपै शिरीष.
245 _aझपाटलेली.
260 _bपरचुरे प्रकाशन मंदिर, मुंबई 4.
_c1975
300 _a60
_bसाधी
365 _b6
520 _aनाटक.
630 _aझपाटलेली.
650 _aनाटक.
730 _aझपाटलेली.
942 _cBOOK
999 _c685312
_d685309